Normal view
MARC view
- Historia
Entry Materia
Number of records used in: 126
001 - NÚMERO DE CONTROL DEL REGISTRO
- campo de control: 1690
003 - IDENTIFICADOR DE NUMERO DE CONTROL
- campo de control: MX-MxUPN
005 - FECHA Y HORA DE LA ÚLTIMA TRANSACCIÓN
- campo de control: 20250623145513.0
008 - DATOS DE LONGITUD FIJA
- campo de control de longitud fija: 250623n| acnnnbabn | ana |d
035 ## - NÚMERO DE CONTROL DEL SISTEMA
- Número de control del sistema: UPN10000001690
040 ## - FUENTE DE LA CATALOGACIÓN
- Centro catalogador de origen: MX-MxUPN
- Lengua de catalogación: spa
- Agencia de transcripción: MX-MxUPN
150 ## - ENCABEZAMIENTO - TEMÁTICO
- Término de materia o nombre geográfico como elemento inicial: Historia
360 ## - REFERENCIA COMPLEJA DE VÉASE ADEMÁS - MATERIA
- Texto explicativo: Véase también como subdivisión en los encabezamientos de países, estados, ciudades y pueblos, para temas en general y subdivisión de temas. Ej.:
- Encabezamiento al que se remite: SINDICATOS DE CORDELEROS DE YUCATAN - HISTORIA
670 ## - FUENTE EN LA QUE SE LOCALIZARON DATOS
- Cita de la fuente: E
902 ## - CATALOGADOR
- Catalogador: MMA/050696
